[Event "Rohde op 09th"]
[Site "Sautron"]
[Date "2009.10.27"]
[Round "5"]
[White "Lebedel, Marc"]
[Black "Labatut, Franck"]
[Result "0-1"]
[WhiteElo "1618"]
[BlackElo "1835"]
[PlyCount "82"]
[EventDate "2009.10.24"]
[EventType "swiss"]
[EventRounds "9"]
[EventCountry "FRA"]
[SourceTitle "EXT 2010"]
[Source "ChessBase"]
[SourceDate "2010.11.25"]
[SourceVersion "1"]
[SourceVersionDate "2010.11.25"]
[SourceQuality "1"]

1. e4 d5 2. exd5 Qxd5 3. Nc3 Qa5 4. d4 Nf6 5. Nf3 Bf5 6. Bd3 Bxd3 7. Qxd3 e6 8. 0-0 Be7 9. Bd2 c6 10. Rfe1 Nbd7 11. Ne4 Qc7 12. c3 0-0-0 13. c4 Nxe4 14. Qxe4 Nf6 15. Qc2 Nd7 16. b4 b5 17. c5 h6 18. a4 a6 19. axb5 axb5 20. Ra8+ Kb7 21. Ra5 Ra8 22. Rea1 Rxa5 23. Rxa5 Ra8 24. Qa2 Rxa5 25. Qxa5 Qxa5 26. bxa5 Ka6 27. Bb4 Bd8 28. Kf1 Bxa5 29. Be1 b4 30. Ke2 Kb5 31. Kd3 f6 32. Bd2 Bc7 33. h3 e5 34. Be3 g5 35. g4 Nf8 36. Ke4 Kc4 37. Nd2+ Kc3 38. Nb1+ Kb2 39. Nd2 Ne6 40. Nc4+ Kc3 41. Nd2 exd4 0-1

[Event "Rohde op 06th"]
[Site "Sautron"]
[Date "2006.11.04"]
[Round "9"]
[White "Bailet, Pierre"]
[Black "Labatut, Franck"]
[Result "1-0"]
[WhiteElo "2079"]
[BlackElo "1590"]
[PlyCount "63"]
[EventDate "2006.10.28"]
[EventType "swiss"]
[EventRounds "9"]
[EventCountry "FRA"]
[SourceTitle "EXT 2007"]
[Source "ChessBase"]
[SourceDate "2006.11.23"]
[SourceVersion "1"]
[SourceVersionDate "2006.11.23"]
[SourceQuality "1"]

1. d4 Nf6 2. c4 g6 3. Nc3 d5 4. Bg5 c6 5. Bxf6 exf6 6. cxd5 cxd5 7. Qb3 Qa5 8. Qxd5 Qb4 9. Qb5+ Bd7 10. Qxb4 Bxb4 11. e3 Nc6 12. Bd3 0-0 13. Nge2 Rfe8 14. 0-0 Kg7 15. Rac1 a6 16. a3 Ba5 17. Ne4 Re7 18. Nc5 Be8 19. Nc3 Rd8 20. b4 Bb6 21. Be4 Bxc5 22. bxc5 f5 23. Bf3 f4 24. Nd5 Red7 25. Nxf4 Na5 26. Rb1 Nc4 27. Rxb7 Nd2 28. Rxd7 Nxf3+ 29. gxf3 Bxd7 30. Rc1 Bc6 31. d5 Bxd5 32. Rd1 1-0

[Event "Rohde op 06th"]
[Site "Sautron"]
[Date "2006.11.03"]
[Round "8"]
[White "Labatut, Franck"]
[Black "Vandomel, Fabrice"]
[Result "1-0"]
[WhiteElo "1590"]
[BlackElo "1974"]
[PlyCount "69"]
[EventDate "2006.10.28"]
[EventType "swiss"]
[EventRounds "9"]
[EventCountry "FRA"]
[SourceTitle "EXT 2007"]
[Source "ChessBase"]
[SourceDate "2006.11.23"]
[SourceVersion "1"]
[SourceVersionDate "2006.11.23"]
[SourceQuality "1"]

1. e4 e6 2. Qe2 c5 3. f4 Nc6 4. Nf3 d5 5. exd5 Qxd5 6. Nc3 Qd8 7. g3 Nf6 8. Bg2 Be7 9. 0-0 Bd7 10. b3 Nb4 11. d3 Bc6 12. Bb2 0-0 13. a3 Nbd5 14. Nxd5 Bxd5 15. Rad1 Qb6 16. Kh1 Rac8 17. h3 c4 18. Bd4 cxd3 19. Rxd3 Qa5 20. c4 Be4 21. Rdd1 b6 22. Bxf6 Bxf3 23. Bxf3 Bxf6 24. a4 Qc5 25. Kg2 Qc7 26. Rd3 e5 27. f5 g6 28. fxg6 hxg6 29. Be4 Be7 30. Qg4 Kg7 31. Rdf3 Qd6 32. Bd5 f6 33. h4 Qa3 34. h5 Qb2+ 35. R3f2 1-0

[Event "Rohde op 06th"]
[Site "Sautron"]
[Date "2006.10.31"]
[Round "5"]
[White "Labatut, Franck"]
[Black "Batard, David"]
[Result "1-0"]
[WhiteElo "1590"]
[BlackElo "2027"]
[PlyCount "141"]
[EventDate "2006.10.28"]
[EventType "swiss"]
[EventRounds "9"]
[EventCountry "FRA"]
[SourceTitle "EXT 2007"]
[Source "ChessBase"]
[SourceDate "2006.11.23"]
[SourceVersion "1"]
[SourceVersionDate "2006.11.23"]
[SourceQuality "1"]

1. e4 e5 2. Nf3 Nc6 3. Bc4 Nf6 4. d3 Bc5 5. c3 0-0 6. 0-0 d5 7. exd5 Nxd5 8. Bg5 Qd6 9. Nbd2 f5 10. Ne4 fxe4 11. dxe4 Kh8 12. Qxd5 Bg4 13. Qxd6 Bxd6 14. Ne1 Na5 15. Bd3 c5 16. f3 Be6 17. Nc2 h6 18. Bh4 b5 19. Ne3 c4 20. Bc2 Bc5 21. Bf2 Rad8 22. Rad1 Nb7 23. Nd5 Rd7 24. Bxc5 Nxc5 25. Nb4 Rc8 26. Nd5 Kg8 27. Rd2 Rcd8 28. Rfd1 Kf7 29. Kf2 Bxd5 30. exd5 Ke7 31. g3 Kd6 32. b4 Nb7 33. a4 a6 34. a5 Rf8 35. Be4 Nd8 36. h4 Rdf7 37. Ke3 Rf6 38. Rg2 Nf7 39. Rf1 g5 40. Rgf2 gxh4 41. gxh4 Rg8 42. f4 Rg3+ 43. Kd2 exf4 44. Rxf4 Rxf4 45. Rxf4 Ke5 46. Rxf7 Kxe4 47. Rf6 Rg2+ 48. Ke1 Kd3 49. Rf3+ Ke4 50. Rf6 Kd3 51. d6 Kxc3 52. d7 Rg8 53. Rxh6 Kxb4 54. Rxa6 Rd8 55. Rd6 Kxa5 56. Kd1 Kb4 57. Kc2 Kc5 58. Rd1 Kc6 59. h5 Kc7 60. h6 b4 61. h7 Kc6 62. h8Q Rxh8 63. d8Q Rxd8 64. Rxd8 Kc5 65. Rd7 Kc6 66. Rd4 Kc5 67. Rg4 Kd5 68. Kd2 Kc5 69. Kc2 Kb5 70. Rg5+ Ka4 71. Rc5 1-0